• 首页
  • 本馆介绍
  • 公告通知
  • 最新文献
  • 馆藏检索
  • 电子资源
  • 读者导购
  • 参考咨询
  • 我的图书馆
  • 登录
  • 详细信息显示
  • 放入我的书架
  • 预约/预借图书
  • 作者相关作品
  • 分类相关作品
  • 丛书相关作品
  • 出版社相关作品

书目信息

  • 表格格式
  • 工作单格式
  • 卡片格式
题名:
战事传奇
    
 
作者: 施树禄 编著
分册:  
出版信息: 哈尔滨   哈尔滨出版社  2010.02
页数: 307页
开本: 24cm
丛书名: 世界战争文化丛书
单 册:
中图分类: D068
科图分类:
主题词: 战争理论--研究 , 战争理论
电子资源:
ISBN: 978-7-80753-868-4
000 01011oam2 2200277 450
001 010020000657
005 20130608172529.84
010    @a978-7-80753-868-4@dCNY29.80@z7-80753-868-6
100    @a20100330d2010 em y0chiy0110 ea
101 0  @achi
102    @aCN@b230000
105    @aa z 000yy
106    @ar
200 1  @a战事传奇@9zhan shi chuan qi@e战争中的隐秘事件与幕后谜团@f施树禄编著
210    @a哈尔滨@c哈尔滨出版社@d2010.02
215    @a307页@c图@d24cm
225 2  @a世界战争文化丛书
330    @a有一种战争,没有硝烟,没有厮杀,杀人于无形之间,决胜于千里之外。这是另一种战争,它存在于战争的另一面,以无形的力量和隐秘的方式影响和决定着战争的走向。在这里我们能够看到战争背后的精彩和玄机。
461  0 @12001 @a世界战争文化丛书
517 1  @a战争中的隐秘事件与幕后谜团@9zhan zheng zhong de yin mi shi jian yu mu hou mi tuan
606 0  @a战争理论@x研究
606 0  @a战争理论
690    @aD068@v4
701  0 @a施树禄@9shi shu lu@4编著
801  0 @aCN@bRENTIAN@c20100330
905    @dD068@e4
    
    战事传奇:战争中的隐秘事件与幕后谜团/施树禄编著.-哈尔滨:哈尔滨出版社,2010.02
    307页:图;24cm.-(世界战争文化丛书)
    
    
    ISBN 978-7-80753-868-4:CNY29.80
    有一种战争,没有硝烟,没有厮杀,杀人于无形之间,决胜于千里之外。这是另一种战争,它存在于战争的另一面,以无形的力量和隐秘的方式影响和决定着战争的走向。在这里我们能够看到战争背后的精彩和玄机。
●
相关链接 在E读中查询图书 在五车中查询图书 在当当中查询图书 在豆瓣中查询图书


正题名:战事传奇     索取号:D068/4         预约/预借

序号 登录号 条形码 馆藏地/架位号 状态 备注
1 0545191   205451919   第一样本阅览室/ [索取号:D068/4] 在馆    
2 0545192   205451928   第一借阅区/ [索取号:D068/4] 在馆    
3 0545193   205451937   第一借阅区/ [索取号:D068/4] 在馆    
4 0545194   205451946   第一借阅区/ [索取号:D068/4] 在馆    
5 0545195   205451955   第一借阅区/ [索取号:D068/4] 在馆    
欢迎您!
大连网信软件有限公司© 版权所有